[Event "Leuven op 34th"]
[Site "Leuven"]
[Date "2023.11.12"]
[Round "6"]
[White "Van den Bosch, Arno"]
[Black "Pirard, Natan"]
[Result "0-1"]
[WhiteElo "2011"]
[BlackElo "2309"]
[PlyCount "92"]
[EventDate "2023.11.09"]
[EventType "swiss"]
[EventRounds "7"]
[EventCountry "BEL"]
[SourceTitle "CB46_2023"]
[SourceDate "2023.11.15"]
[SourceVersion "1"]
[SourceVersionDate "2023.11.15"]
[SourceQuality "1"]

1. e4 c5 2. Nf3 d6 3. d4 cxd4 4. Nxd4 Nf6 5. Nc3 Nc6 6. Bg5 e6 7. Qd3 Bd7 8. 0-0-0 a6 9. f4 h6 10. Bh4 g5 11. Nxc6 Bxc6 12. fxg5 Ng4 13. Be2 hxg5 14. Bg3 Ne5 15. Qe3 Qc7 16. Kb1 Be7 17. Rhf1 Rc8 18. Rf2 Bd7 19. Qd4 Qc5 20. h3 Qxd4 21. Rxd4 Rc7 22. a3 Bc6 23. Rd1 Bf8 24. Rh1 Bg7 25. Rd1 Rd7 26. Ka2 b5 27. Kb3 Ke7 28. Rdf1 Rh7 29. Rd1 Ng6 30. Bd3 Bd4 31. Rff1 Be5 32. Bxe5 Nxe5 33. Be2 Rh4 34. Rd4 Rd8 35. a4 bxa4+ 36. Ka3 a5 37. Bb5 d5 38. Kxa4 Bxb5+ 39. Kxb5 Rb8+ 40. Kc5 Nd7+ 41. Kc6 Rhh8 42. Rxf7+ Kxf7 43. Kxd7 Rhd8+ 44. Kc6 Ke7 45. Nb5 Rdc8+ 46. Nc7 Kd8 0-1

[Event "Charleroi op"]
[Site "Roux"]
[Date "2023.08.01"]
[Round "5"]
[White "Le Quang, Kim"]
[Black "Pirard, Natan"]
[Result "1/2-1/2"]
[WhiteElo "2287"]
[BlackElo "2280"]
[PlyCount "47"]
[EventDate "2023.07.29"]
[EventType "swiss"]
[EventRounds "9"]
[EventCountry "BEL"]
[SourceTitle "CBM 215 Extra"]
[Source "ChessBase"]
[SourceDate "2023.09.30"]
[SourceVersion "1"]
[SourceVersionDate "2023.09.30"]
[SourceQuality "1"]

1. e4 c5 2. c3 Nf6 3. e5 Nd5 4. Nf3 Nc6 5. Bc4 e6 6. d4 cxd4 7. cxd4 d6 8. 0-0 Be7 9. Qe2 0-0 10. Nc3 Nxc3 11. bxc3 dxe5 12. dxe5 b6 13. Bd3 Qc7 14. Qe4 g6 15. Bh6 Rd8 16. Rad1 Bb7 17. Qf4 Rd5 18. Be4 Rxd1 19. Rxd1 Rd8 20. Re1 f5 21. exf6 Qxf4 22. Bxf4 Bxf6 23. h3 Re8 24. Rd1 1/2-1/2

[Event "Charleroi op"]
[Site "Roux"]
[Date "2023.07.31"]
[Round "4"]
[White "Pirard, Natan"]
[Black "Miezis, Normunds"]
[Result "0-1"]
[WhiteElo "2280"]
[BlackElo "2430"]
[PlyCount "74"]
[EventDate "2023.07.29"]
[EventType "swiss"]
[EventRounds "9"]
[EventCountry "BEL"]
[SourceTitle "CBM 215 Extra"]
[Source "ChessBase"]
[SourceDate "2023.09.30"]
[SourceVersion "1"]
[SourceVersionDate "2023.09.30"]
[SourceQuality "1"]

1. e4 c5 2. Nf3 e6 3. b3 b6 4. Bd3 Bb7 5. 0-0 Nc6 6. Re1 Nge7 7. Bb2 Ng6 8. Bf1 a6 9. c4 e5 10. g3 d6 11. h4 Be7 12. Nc3 Nf8 13. Nd5 Ne6 14. a3 0-0 15. d3 g6 16. Bh3 Bf6 17. Kg2 Bg7 18. h5 Ncd4 19. Nxd4 Nxd4 20. Rh1 b5 21. Bxd4 cxd4 22. Qd2 Rb8 23. hxg6 hxg6 24. f4 bxc4 25. bxc4 Bxd5 26. cxd5 exf4 27. gxf4 Rb3 28. f5 Qf6 29. Bg4 Rfb8 30. Ra2 Rc3 31. Rh3 Rb1 32. Qe2 Rcc1 33. Rc2 Qg5 34. Rxc1 Qxc1 35. Kf3 Rb2 36. fxg6 fxg6 37. Be6+ Kf8 0-1

[Event "Wachtebeke"]
[Site "Wachtebeke"]
[Date "2023.02.23"]
[Round "9"]
[White "Milliet, Sophie"]
[Black "Pirard, Natan"]
[Result "1/2-1/2"]
[WhiteElo "2376"]
[BlackElo "2314"]
[PlyCount "118"]
[EventDate "2023.02.18"]
[EventType "tourn"]
[EventRounds "9"]
[EventCountry "BEL"]
[EventCategory "4"]
[SourceTitle "CBM 212 Extra"]
[Source "ChessBase"]
[SourceDate "2023.03.31"]
[SourceVersion "1"]
[SourceVersionDate "2023.03.31"]
[SourceQuality "1"]

1. e4 c5 2. Nf3 d6 3. d4 cxd4 4. Qxd4 Nf6 5. Be2 Nc6 6. Qe3 g6 7. 0-0 Bg7 8. c4 Ng4 9. Qb3 Nge5 10. Be3 Nxf3+ 11. Bxf3 0-0 12. Rd1 Be6 13. Be2 b5 14. Na3 Na5 15. Qb4 Nxc4 16. Nxc4 bxc4 17. Bxc4 Rb8 18. Qa4 Bxc4 19. Qxc4 Bxb2 20. Rab1 Qa5 21. Rd5 Qc3 22. Qa4 Rb4 23. Qxa7 Qc2 24. Rbd1 Bf6 25. f3 Ra4 26. R5d2 Qxd1+ 27. Rxd1 Rxa7 28. Bxa7 Ra8 29. Bd4 Bxd4+ 30. Rxd4 Rxa2 31. h4 Kg7 32. Kh2 Kf6 33. Rd5 Rc2 34. Kg3 h5 35. Rd1 Ke5 36. Rd5+ Ke6 37. Ra5 Rd2 38. Rb5 Kf6 39. Kh3 e6 40. g4 hxg4+ 41. Kxg4 Rg2+ 42. Kh3 Rg1 43. Ra5 e5 44. Ra8 Rd1 45. Kg4 Ke6 46. Re8+ Kd7 47. Rg8 Ke7 48. Kg3 f5 49. Kf2 Kf7 50. Rd8 Rd4 51. Ke3 d5 52. exd5 Rxh4 53. Rd7+ Kf6 54. Rd6+ Kg5 55. Re6 e4 56. fxe4 f4+ 57. Kf2 Rh2+ 58. Kf3 Rh3+ 59. Kf2 Rh2+ 1/2-1/2

[Event "Wachtebeke"]
[Site "Wachtebeke"]
[Date "2023.02.21"]
[Round "6"]
[White "Pirard, Natan"]
[Black "Baselmans, Luuk"]
[Result "1-0"]
[WhiteElo "2314"]
[BlackElo "2343"]
[PlyCount "123"]
[EventDate "2023.02.18"]
[EventType "tourn"]
[EventRounds "9"]
[EventCountry "BEL"]
[EventCategory "4"]
[SourceTitle "CBM 212 Extra"]
[Source "ChessBase"]
[SourceDate "2023.03.31"]
[SourceVersion "1"]
[SourceVersionDate "2023.03.31"]
[SourceQuality "1"]

1. e4 c5 2. Nf3 Nc6 3. Bb5 e6 4. 0-0 Nge7 5. Re1 Ng6 6. c3 Be7 7. d4 cxd4 8. cxd4 a6 9. Bf1 d5 10. Nc3 0-0 11. g3 b5 12. exd5 exd5 13. Bg2 Bb7 14. h4 Bb4 15. h5 Nge7 16. h6 g6 17. Ne5 f6 18. Nd3 Bd6 19. Nc5 Bxc5 20. dxc5 d4 21. Ne4 Na5 22. Bf4 Kh8 23. Bd6 Nac6 24. Ng5 Qd7 25. Ne6 Rf7 26. Nxd4 Nxd4 27. Bxb7 Qxb7 28. Qxd4 Nf5 29. Qf4 Qc8 30. Re2 g5 31. Qe4 Nxh6 32. Rae1 Kg7 33. Qd5 Raa7 34. Re6 a5 35. c6 b4 36. c7 Raxc7 37. Bxc7 Qxc7 38. Rc6 Qa7 39. Rec1 Kg6 40. R1c5 Kg7 41. Qd6 Qa8 42. Qd4 Kg6 43. Qd5 Kg7 44. Rxa5 Qe8 45. Re6 Qb8 46. Rb5 Qc7 47. Rc5 Qa7 48. Rec6 Qe7 49. Qe6 Qd8 50. Rd5 Qa8 51. Rd7 Rxd7 52. Qxd7+ Nf7 53. Qe6 Qd8 54. Rb6 Kg6 55. Qe4+ Kg7 56. Rb7 Qd1+ 57. Kg2 Qh5 58. g4 Qh6 59. Qd5 Qg6 60. a4 bxa3 61. bxa3 h5 62. Qxf7+ 1-0

[Event "Wachtebeke"]
[Site "Wachtebeke"]
[Date "2023.02.19"]
[Round "3"]
[White "Dgebuadze, Alexandre"]
[Black "Pirard, Natan"]
[Result "1-0"]
[WhiteElo "2419"]
[BlackElo "2314"]
[PlyCount "53"]
[EventDate "2023.02.18"]
[EventType "tourn"]
[EventRounds "9"]
[EventCountry "BEL"]
[EventCategory "4"]
[SourceTitle "CBM 212 Extra"]
[Source "ChessBase"]
[SourceDate "2023.03.31"]
[SourceVersion "1"]
[SourceVersionDate "2023.03.31"]
[SourceQuality "1"]

1. d4 Nf6 2. Nf3 e6 3. c4 d5 4. Nc3 dxc4 5. e3 a6 6. a4 c5 7. Bxc4 Nc6 8. 0-0 Be7 9. h3 0-0 10. Re1 Qc7 11. Qe2 Rd8 12. dxc5 Bxc5 13. e4 Ne5 14. Nxe5 Qxe5 15. Be3 b6 16. Rad1 Rxd1 17. Rxd1 Bb7 18. Bxc5 bxc5 19. Bxa6 Bxa6 20. Qxa6 Rb8 21. Qd6 Qxd6 22. Rxd6 Kf8 23. a5 Ke7 24. Rc6 Kd7 25. Rxc5 Rxb2 26. a6 Rc2 27. Na4 1-0

[Event "NED-chT 1920"]
[Site "Netherlands"]
[Date "2019.11.23"]
[Round "3.10"]
[White "Lammens, Tim"]
[Black "Pirard, Natan"]
[Result "1-0"]
[WhiteElo "2248"]
[BlackElo "2136"]
[PlyCount "49"]
[EventDate "2019.09.28"]
[EventType "team-tourn"]
[EventRounds "9"]
[EventCountry "NED"]
[SourceTitle "CBM 193 Extra"]
[Source "ChessBase"]
[SourceDate "2020.01.31"]
[SourceVersion "1"]
[SourceVersionDate "2020.01.31"]
[SourceQuality "1"]
[WhiteTeam "Apeldoorn MuConsult"]
[BlackTeam "Sas van Gent"]
[WhiteTeamCountry "NED"]
[BlackTeamCountry "NED"]

1. Nf3 g6 2. e4 c5 3. c3 Bg7 4. d4 cxd4 5. cxd4 d5 6. e5 Nc6 7. Bb5 Bg4 8. Bxc6+ bxc6 9. Nbd2 Nh6 10. h3 Bxf3 11. Nxf3 0-0 12. 0-0 Qb6 13. b3 f6 14. Re1 Rae8 15. exf6 Rxf6 16. Ne5 Re6 17. Bxh6 Bxh6 18. Ng4 Rxe1+ 19. Qxe1 Bg7 20. Qe6+ Kf8 21. Ne5 Bxe5 22. Qxe5 Kf7 23. Re1 e6 24. Rc1 Re7 25. Qh8 1-0

[Event "EU-ch U18"]
[Site "Bratislava"]
[Date "2019.08.02"]
[Round "1"]
[White "Pirard, Natan"]
[Black "Travadon, Loic"]
[Result "1/2-1/2"]
[WhiteElo "2153"]
[BlackElo "2399"]
[PlyCount "125"]
[EventDate "2019.08.02"]
[EventType "swiss"]
[EventRounds "9"]
[EventCountry "SVK"]
[SourceTitle "CBM 191 Extra"]
[Source "ChessBase"]
[SourceDate "2019.09.30"]
[SourceVersion "1"]
[SourceVersionDate "2019.09.30"]
[SourceQuality "1"]

1. e4 c5 2. Nf3 Nc6 3. Bb5 e6 4. Bxc6 bxc6 5. 0-0 Ne7 6. Re1 Ng6 7. d3 Be7 8. Nc3 e5 9. Ne2 d6 10. Ng3 0-0 11. c3 f5 12. exf5 Bxf5 13. Nxf5 Rxf5 14. d4 exd4 15. cxd4 Kh8 16. dxc5 Rxc5 17. Be3 Rd5 18. Qa4 Qd7 19. Rac1 Rc8 20. Qe4 Bf6 21. b3 a5 22. h3 Rb5 23. Bd4 Bxd4 24. Nxd4 Re5 25. Qg4 Qb7 26. Nf5 Rd8 27. Rxe5 dxe5 28. Qe4 Qf7 29. Rxc6 Rf8 30. g4 Qb7 31. Qd5 Qb4 32. Rc1 Nf4 33. Qxe5 Nxh3+ 34. Kh2 Qxg4 35. Rc4 Nxf2 36. Qf4 Qxf4+ 37. Rxf4 Nd3 38. Rd4 Ne5 39. Kg3 g6 40. Nd6 Rf3+ 41. Kg2 Rc3 42. Ra4 Rd3 43. Rxa5 Ng4 44. Ne8 Rd8 45. Nc7 h5 46. Ne6 Rd2+ 47. Kg3 Re2 48. Nf4 Re3+ 49. Kh4 Kg7 50. Kg5 Ne5 51. Ne6+ Kf7 52. Nd8+ Ke8 53. Rd5 Re2 54. a4 Rg2+ 55. Kf4 Nd7 56. Nc6 h4 57. Rd3 Nf6 58. a5 Rg4+ 59. Ke5 Kf7 60. Nd8+ Ke7 61. Nc6+ Kf7 62. Nd8+ Ke7 63. Nc6+ 1/2-1/2

[Event "Brasschaat op 17th"]
[Site "Brasschaat"]
[Date "2017.08.27"]
[Round "9"]
[White "Pirard, Natan"]
[Black "Vande Velde, Erik"]
[Result "0-1"]
[WhiteElo "2049"]
[BlackElo "1894"]
[PlyCount "44"]
[EventDate "2017.08.19"]
[EventType "swiss"]
[EventRounds "9"]
[EventCountry "BEL"]
[SourceTitle "CBM 180 Extra"]
[Source "ChessBase"]
[SourceDate "2017.10.06"]
[SourceVersion "1"]
[SourceVersionDate "2017.10.06"]
[SourceQuality "1"]

1. e4 c5 2. Nf3 Nc6 3. Bb5 e5 4. 0-0 Bd6 5. c3 a6 6. Ba4 b5 7. Bc2 Nge7 8. d4 cxd4 9. cxd4 Nxd4 10. Nxd4 exd4 11. Qxd4 Qc7 12. h3 0-0 13. Qd3 Ng6 14. Nc3 Ne5 15. Qe2 Bb7 16. Rd1 Bc5 17. Bf4 d6 18. Bb3 Rae8 19. Bd5 Bc8 20. Rac1 Qe7 21. a3 Qh4 22. Bg3 Qxg3 0-1

[Event "Brasschaat op 17th"]
[Site "Brasschaat"]
[Date "2017.08.26"]
[Round "8"]
[White "Van Elven, Erik"]
[Black "Pirard, Natan"]
[Result "1/2-1/2"]
[WhiteElo "1912"]
[BlackElo "2049"]
[PlyCount "74"]
[EventDate "2017.08.19"]
[EventType "swiss"]
[EventRounds "9"]
[EventCountry "BEL"]
[SourceTitle "CBM 180 Extra"]
[Source "ChessBase"]
[SourceDate "2017.10.06"]
[SourceVersion "1"]
[SourceVersionDate "2017.10.06"]
[SourceQuality "1"]

1. e4 c5 2. Nf3 Nc6 3. Bb5 e6 4. 0-0 Nge7 5. d4 cxd4 6. Nxd4 Nxd4 7. Qxd4 a6 8. Bd3 Nc6 9. Qe3 Be7 10. e5 Qc7 11. f4 Nb4 12. Qg3 Nxd3 13. cxd3 0-0 14. Nc3 d5 15. f5 f6 16. Bf4 Qd8 17. fxe6 Bxe6 18. Rae1 Bc5+ 19. Kh1 f5 20. Ne2 Qb6 21. Bh6 Rf7 22. Nf4 Kh8 23. Nxe6 Qxe6 24. Bd2 Rc8 25. Qf4 d4 26. a3 h6 27. g4 Rcf8 28. g5 h5 29. g6 Qxg6 30. e6 Re7 31. Qe5 Rc8 32. Rxf5 Bd6 33. Rxh5+ Kg8 34. Qxd6 Qxh5 35. Qxe7 Qf3+ 36. Kg1 Qg4+ 37. Kh1 Qf3+ 1/2-1/2

[Event "BEL-ch op"]
[Site "Niel"]
[Date "2017.07.04"]
[Round "4"]
[White "Pirard, Natan"]
[Black "Burnay, Gerard"]
[Result "1-0"]
[WhiteElo "1997"]
[BlackElo "1712"]
[PlyCount "99"]
[EventDate "2017.07.01"]
[EventType "swiss"]
[EventRounds "9"]
[EventCountry "BEL"]
[SourceTitle "EXT 2018"]
[Source "ChessBase"]
[SourceDate "2017.10.13"]
[SourceVersion "1"]
[SourceVersionDate "2017.10.13"]
[SourceQuality "1"]

1. e4 c5 2. Nf3 d6 3. Bb5+ Nd7 4. d4 cxd4 5. Qxd4 a6 6. Bxd7+ Bxd7 7. c4 Qa5+ 8. Bd2 Qc5 9. Qxc5 dxc5 10. Nc3 e6 11. 0-0-0 f6 12. Be3 0-0-0 13. Ne1 g6 14. a4 a5 15. e5 Bh6 16. Bxh6 Nxh6 17. Nd3 b6 18. exf6 Rhf8 19. Ne5 Kc7 20. Nxd7 Rxd7 21. Nb5+ Kc6 22. Rxd7 Kxd7 23. Rd1+ Kc8 24. Rd6 Rxf6 25. f3 Nf5 26. Rxb6 Ne3 27. Rc6+ Kd8 28. Rxc5 Nxg2 29. Nd4 Ne1 30. Rxa5 Nxf3 31. Ra8+ Kd7 32. Ra7+ Kd6 33. Nxf3 Rxf3 34. Rxh7 e5 35. Rh6 e4 36. Rxg6+ Kc5 37. Rg2 Kxc4 38. Kd2 Rb3 39. Kc2 Rf3 40. a5 Kb5 41. h4 Kxa5 42. Rh2 Kb4 43. h5 Kc4 44. h6 Rf8 45. h7 Rh8 46. Kd2 Kd4 47. b4 Kc4 48. Ke3 Kd5 49. Rh5+ Ke6 50. Kxe4 1-0

[Event "BEL-ch U14"]
[Site "Blankenberge"]
[Date "2015.04.17"]
[Round "8"]
[White "Pirard, Natan"]
[Black "Van Malder, Dries"]
[Result "1/2-1/2"]
[WhiteElo "1875"]
[BlackElo "1474"]
[PlyCount "70"]
[EventDate "2015.04.12"]
[EventType "swiss"]
[EventRounds "9"]
[EventCountry "BEL"]
[SourceTitle "CBM 166 Extra"]
[Source "ChessBase"]
[SourceDate "2015.06.18"]
[SourceVersion "1"]
[SourceVersionDate "2015.06.18"]
[SourceQuality "1"]

1. e4 c5 2. Nf3 a6 3. c3 d5 4. exd5 Qxd5 5. d4 Bg4 6. Be2 e6 7. 0-0 Nf6 8. c4 Qd8 9. Qb3 Qc8 10. Be3 Nbd7 11. Nc3 cxd4 12. Bxd4 Bc5 13. Bxc5 Nxc5 14. Qb6 0-0 15. Rfd1 Ncd7 16. Qe3 Qc7 17. Rac1 Rfd8 18. h3 Bh5 19. a3 Bxf3 20. Qxf3 Nc5 21. Na2 b6 22. Qe3 Rac8 23. b4 Rxd1+ 24. Bxd1 Ncd7 25. Be2 Qc6 26. Qf3 Qxf3 27. Bxf3 Rc7 28. Be2 Kf8 29. Kf1 Ke7 30. Ke1 Rc6 31. Bd3 Ne5 32. Ke2 Nfd7 33. f4 Nxd3 34. Kxd3 e5 35. Re1 Ke6 1/2-1/2

[Event "BEL-ch U14"]
[Site "Blankenberge"]
[Date "2015.04.15"]
[Round "5"]
[White "Vande Ginste, Michiel"]
[Black "Pirard, Natan"]
[Result "1/2-1/2"]
[WhiteElo "1521"]
[BlackElo "1875"]
[PlyCount "74"]
[EventDate "2015.04.12"]
[EventType "swiss"]
[EventRounds "9"]
[EventCountry "BEL"]
[SourceTitle "CBM 166 Extra"]
[Source "ChessBase"]
[SourceDate "2015.06.18"]
[SourceVersion "1"]
[SourceVersionDate "2015.06.18"]
[SourceQuality "1"]

1. b3 e5 2. Bb2 d6 3. e3 Nd7 4. Nf3 g6 5. d4 Bg7 6. c4 Ne7 7. Nc3 0-0 8. Bd3 h6 9. 0-0 Re8 10. Bc2 Kh7 11. Ne4 Nc6 12. a3 f5 13. d5 fxe4 14. dxc6 exf3 15. cxd7 fxg2 16. Bxg6+ Kxg6 17. dxe8Q+ Qxe8 18. Kxg2 Qc6+ 19. f3 Bf5 20. Rg1 Kh7 21. Kf2 Rf8 22. f4 Bh8 23. Qd5 Qb6 24. b4 exf4 25. c5 dxc5 26. Bxh8 fxe3+ 27. Ke1 Kxh8 28. Qe5+ Qf6 29. Qxf6+ Rxf6 30. bxc5 Bd3 31. Rd1 Ba6 32. Rd8+ Kh7 33. Rd7+ Kh8 34. Rxc7 e2 35. Rc8+ Kh7 36. Rc7+ Kh8 37. Rc8+ Kh7 1/2-1/2

[Event "EU-ch U12 24th"]
[Site "Batumi"]
[Date "2014.10.26"]
[Round "7"]
[White "Anilkumar, Anantha P"]
[Black "Pirard, Natan"]
[Result "0-1"]
[WhiteElo "1819"]
[BlackElo "1693"]
[PlyCount "32"]
[EventDate "2014.10.19"]
[EventType "swiss"]
[EventRounds "9"]
[EventCountry "GEO"]
[SourceTitle "EXT 2016"]
[Source "ChessBase"]
[SourceDate "2015.10.08"]
[SourceVersion "1"]
[SourceVersionDate "2015.10.08"]
[SourceQuality "1"]

1. e4 c5 2. Nf3 d6 3. d4 cxd4 4. Nxd4 Nf6 5. Nc3 g6 6. Be3 Bg7 7. f3 Nc6 8. Qd2 0-0 9. 0-0-0 Nxe4 10. fxe4 Be6 11. g4 Qc7 12. h4 Rfc8 13. h5 Qa5 14. a3 Rab8 15. hxg6 hxg6 16. g5 Ne5 0-1

[Event "BEL-ch U12"]
[Site "Blankenberge"]
[Date "2014.04.16"]
[Round "5"]
[White "Da Silva Heleno, Jorit"]
[Black "Pirard, Natan"]
[Result "0-1"]
[WhiteElo "1319"]
[BlackElo "1693"]
[PlyCount "44"]
[EventDate "2014.04.13"]
[EventType "swiss"]
[EventRounds "9"]
[EventCountry "BEL"]
[SourceTitle "EXT 2022"]
[Source "ChessBase"]
[SourceDate "2021.10.06"]
[SourceVersion "1"]
[SourceVersionDate "2021.10.06"]
[SourceQuality "1"]

1. d4 Nf6 2. c4 g6 3. Nc3 Bg7 4. e4 d6 5. Nf3 0-0 6. Be2 Nbd7 7. 0-0 e5 8. dxe5 dxe5 9. Bg5 c6 10. Qc2 Qc7 11. Rad1 a5 12. b3 Nc5 13. h3 Be6 14. Rfe1 Rad8 15. Bf1 Rd7 16. Rxd7 Bxd7 17. Rd1 Ne6 18. Bh4 Re8 19. Qd2 Nd4 20. Nxd4 exd4 21. Qxd4 Ng4 22. Qxd7 Qh2# 0-1

[Event "BEL-ch U12"]
[Site "Blankenberge"]
[Date "2014.04.15"]
[Round "4"]
[White "Pirard, Natan"]
[Black "Katranov, Lev"]
[Result "1/2-1/2"]
[WhiteElo "1693"]
[BlackElo "1429"]
[PlyCount "51"]
[EventDate "2014.04.13"]
[EventType "swiss"]
[EventRounds "9"]
[EventCountry "BEL"]
[SourceTitle "EXT 2022"]
[Source "ChessBase"]
[SourceDate "2021.10.06"]
[SourceVersion "1"]
[SourceVersionDate "2021.10.06"]
[SourceQuality "1"]

1. e4 e5 2. Nf3 Nf6 3. Nxe5 d6 4. Nf3 Nxe4 5. d4 d5 6. Bd3 Bg4 7. h3 Bh5 8. 0-0 f5 9. Be3 Bd6 10. c4 c6 11. Nc3 Bc7 12. cxd5 cxd5 13. Qa4+ Nc6 14. Bb5 0-0 15. Nxe4 fxe4 16. Nd2 Qd6 17. g3 Bf3 18. Kh2 h5 19. Bxc6 bxc6 20. Rg1 h4 21. Qc2 hxg3+ 22. fxg3 Rf6 23. Nf1 Qe6 24. Bg5 Rg6 25. Qd2 Rf6 26. Be3 1/2-1/2

[Event "BEL-ch U12"]
[Site "Blankenberge"]
[Date "2014.04.14"]
[Round "3"]
[White "Van Malder, Dries"]
[Black "Pirard, Natan"]
[Result "1/2-1/2"]
[WhiteElo "1397"]
[BlackElo "1693"]
[PlyCount "52"]
[EventDate "2014.04.13"]
[EventType "swiss"]
[EventRounds "9"]
[EventCountry "BEL"]
[SourceTitle "EXT 2022"]
[Source "ChessBase"]
[SourceDate "2021.10.06"]
[SourceVersion "1"]
[SourceVersionDate "2021.10.06"]
[SourceQuality "1"]

1. d4 Nf6 2. c4 g6 3. Nc3 Bg7 4. Bg5 0-0 5. Nf3 d6 6. g3 c6 7. Bg2 Nbd7 8. 0-0 Qc7 9. Qc2 e5 10. Rac1 Nh5 11. d5 h6 12. Be3 c5 13. Bd2 Nb6 14. Nb5 Qe7 15. b3 a6 16. Nc3 f5 17. e4 f4 18. Ne1 g5 19. Qd1 g4 20. Nd3 Bd7 21. Bh1 Rf7 22. Ne2 f3 23. Nc3 Raf8 24. Rb1 Kh7 25. Qc1 Rh8 26. Be3 Qd8 1/2-1/2